An Introduction to management Science : (Record no. 2039)

MARC details
000 -LEADER
fixed length control field 00714nam a22002297a 4500
003 - CONTROL NUMBER IDENTIFIER
control field OSt
005 - DATE AND TIME OF LATEST TRANSACTION
control field 20150612175153.0
008 - FIXED-LENGTH DATA ELEMENTS--GENERAL INFORMATION
fixed length control field 150612b xxu||||| |||| 00| 0 eng d
020 ## - INTERNATIONAL STANDARD BOOK NUMBER
International Standard Book Number 0324003242
040 ## - CATALOGING SOURCE
Transcribing agency 04
082 ## - DEWEY DECIMAL CLASSIFICATION NUMBER
Classification number 658 AND 2000
100 ## - MAIN ENTRY--PERSONAL NAME
Personal name Anderson David R
9 (RLIN) 2726
245 ## - TITLE STATEMENT
Title An Introduction to management Science :
Remainder of title Quantitative Approaches to Decision Making /
Statement of responsibility, etc. Anderson, Sweeney, Williams
250 ## - EDITION STATEMENT
Edition statement 9th ed
260 ## - PUBLICATION, DISTRIBUTION, ETC. (IMPRINT)
Place of publication, distribution, etc. London :
Name of publisher, distributor, etc. South-Western College Publishing;
Date of publication, distribution, etc. 2000.
300 ## - PHYSICAL DESCRIPTION
Extent 560 p :
Other physical details ill;
Dimensions 29 cm
504 ## - BIBLIOGRAPHY, ETC. NOTE
Bibliography, etc Includes answers and index
650 ## - SUBJECT ADDED ENTRY--TOPICAL TERM
Topical term or geographic name as entry element Management Science
9 (RLIN) 5289
700 ## - ADDED ENTRY--PERSONAL NAME
Personal name Sweeny Dennis J
9 (RLIN) 5290
700 ## - ADDED ENTRY--PERSONAL NAME
Personal name Williams Thomas Louks
9 (RLIN) 5291
942 ## - ADDED ENTRY ELEMENTS (KOHA)
Source of classification or shelving scheme Other/Generic Classification Scheme
Koha item type Short Loan
Holdings
Withdrawn status Lost status Source of classification or shelving scheme Damaged status Not for loan Home library Current library Date acquired Source of acquisition Inventory number Total Checkouts Full call number Barcode Date last seen Price effective from Koha item type
    Other/Generic Classification Scheme     MUST Main Library MUST Main Library 12/06/2015   2003/18496   658 AND 2000 2015-1868 12/06/2015 12/06/2015 Short Loan